[Event "HUN-chT2 Asztalos 1213"]
[Site "Hungary"]
[Date "2013.01.27"]
[Round "6.10"]
[White "Bocska, Janos"]
[Black "Andrasofszky, Daniel"]
[Result "1/2-1/2"]
[WhiteElo "2034"]
[BlackElo "1675"]
[PlyCount "58"]
[EventDate "2012.09.16"]
[EventType "team-tourn"]
[EventRounds "9"]
[EventCountry "HUN"]
[SourceTitle "EXT 2014"]
[Source "ChessBase"]
[SourceDate "2013.11.20"]
[SourceVersion "1"]
[SourceVersionDate "2013.11.20"]
[SourceQuality "1"]
[WhiteTeam "Nagyatad"]
[BlackTeam "Kaposvar Bastya"]
[WhiteTeamCountry "HUN"]
[BlackTeamCountry "HUN"]

1. d4 d5 2. Nf3 Nf6 3. c4 c6 4. Nc3 Bf5 5. Bf4 e6 6. e3 Bd6 7. Bg3 Bxg3 8. hxg3 Nbd7 9. Bd3 Bxd3 10. Qxd3 dxc4 11. Qxc4 Qa5 12. 0-0 e5 13. b4 Qc7 14. Rfd1 exd4 15. Rxd4 0-0 16. Rad1 Nb6 17. Qd3 Rfe8 18. g4 Qe7 19. g5 Nfd5 20. Rh4 g6 21. a3 Nxc3 22. Qxc3 Rad8 23. Rhd4 Rd5 24. Rxd5 Nxd5 25. Qd4 a6 26. Qb2 Qe4 27. Rd4 Qf5 28. Qc1 Re4 29. Rxe4 Qxe4 1/2-1/2

[Event "HUN-chT2 Asztalos 1011"]
[Site "Hungary"]
[Date "2011.04.10"]
[Round "8.11"]
[White "Toth, Pal Daniel"]
[Black "Bocska, Janos"]
[Result "0-1"]
[WhiteElo "1743"]
[BlackElo "2139"]
[PlyCount "42"]
[EventDate "2010.09.12"]
[EventType "team-tourn"]
[EventRounds "11"]
[EventCountry "HUN"]
[SourceTitle "EXT 2012"]
[Source "ChessBase"]
[SourceDate "2011.11.24"]
[SourceVersion "1"]
[SourceVersionDate "2011.11.24"]
[SourceQuality "1"]
[WhiteTeam "Dombovar"]
[BlackTeam "Nagyatad"]
[WhiteTeamCountry "HUN"]
[BlackTeamCountry "HUN"]

1. e4 e6 2. Nc3 d5 3. exd5 exd5 4. d4 Nf6 5. Bg5 Be7 6. Nf3 Bg4 7. Qe2 0-0 8. Qb5 Nbd7 9. Be2 c6 10. Qxb7 Rb8 11. Qxc6 Rxb2 12. Nb5 Qb8 13. Bc1 Rc8 14. Qxc8+ Qxc8 15. Bxb2 Qxc2 16. Bc3 a6 17. Bd2 axb5 18. 0-0 Bxf3 19. gxf3 Qxd2 20. Bxb5 Bd6 21. Kh1 Qf4 0-1

[Event "HUN-chT2 Asztalos 0910"]
[Site "Hungary"]
[Date "2010.02.14"]
[Round "6"]
[White "Toth, Zsolt"]
[Black "Bocska, Janos"]
[Result "1-0"]
[WhiteElo "1880"]
[BlackElo "2119"]
[PlyCount "47"]
[EventDate "2009.11.08"]
[EventType "team-tourn"]
[EventRounds "11"]
[EventCountry "HUN"]
[SourceTitle "EXT 2011"]
[Source "ChessBase"]
[SourceDate "2010.11.26"]
[SourceVersion "1"]
[SourceVersionDate "2010.11.26"]
[SourceQuality "1"]
[WhiteTeam "Pannonpower II"]
[BlackTeam "Nagyatad"]
[WhiteTeamCountry "HUN"]
[BlackTeamCountry "HUN"]

1. d4 d6 2. c4 e5 3. dxe5 dxe5 4. Qxd8+ Kxd8 5. e4 c6 6. Nf3 f6 7. a3 a5 8. Be3 Kc7 9. Nc3 Be6 10. Na4 Nd7 11. Nd2 g5 12. h3 h5 13. Be2 Ne7 14. c5 Ng6 15. g3 h4 16. Bc4 Bxc4 17. Nxc4 Be7 18. 0-0-0 hxg3 19. fxg3 Ngf8 20. h4 gxh4 21. Rxh4 Rxh4 22. gxh4 Ne6 23. Rxd7+ Kxd7 24. Nab6+ 1-0